[Event "43rd World Open"]
[Site "Arlington, VA"]
[Date "2015.07.04"]
[Round "6"]
[White "Nyzhnyk, Illia"]
[Black "Garcia, Gildardo"]
[Result "1-0"]
[WhiteElo "2627"]
[BlackElo "2389"]
[PlyCount "107"]
[EventDate "2015.07.??"]
[EventType "swiss"]
[EventRounds "9"]
[EventCountry "USA"]

1. d4 Nf6 2. Nf3 e6 3. c4 b6 4. g3 Ba6 5. Qa4 Bb7 6. Bg2 Be7 7. O-O O-O 8. Re1
d5 9. cxd5 exd5 10. Bf4 c5 11. Nc3 Nc6 12. Rad1 c4 13. Ne5 Na5 14. e4 a6 15.
exd5 b5 16. Qc2 Nxd5 17. Nxd5 Bxd5 18. Bxd5 Qxd5 19. Bd2 b4 20. Nxc4 Nxc4 21.
Rxe7 Rfc8 22. Qb3 a5 23. Bf4 h6 24. Re5 a4 25. Rxd5 axb3 26. axb3 Nxb2 27. Rd2
Ra1+ 28. Kg2 Nd1 29. Rc5 Rd8 30. d5 Nc3 31. f3 f6 32. d6 Ra2 33. Rxa2 Nxa2 34.
g4 g5 35. Bg3 Kf7 36. Kf2 Nc3 37. Ke3 Ke6 38. Kd3 Nd5 39. Kc4 Ne3+ 40. Kxb4
Rb8+ 41. Kc3 Nd5+ 42. Kb2 Rd8 43. Rc4 Rh8 44. Re4+ Kd7 45. Rd4 Ne3 46. Kc3 f5
47. Bf2 Nf1 48. Bg1 Re8 49. gxf5 Ne3 50. f6 Nf5 51. Rd5 Ke6 52. d7 Rd8 53. Rxf5
Kxf5 54. f7 1-0

[Event "43rd World Open"]
[Site "Arlington, VA"]
[Date "2015.07.04"]
[Round "6"]
[White "Kretchetov, Alexander"]
[Black "Azarov, Sergei"]
[Result "0-1"]
[WhiteElo "2327"]
[BlackElo "2618"]
[PlyCount "101"]
[EventDate "2015.07.??"]
[EventType "swiss"]
[EventRounds "9"]
[EventCountry "USA"]

1. d4 d5 2. c4 e6 3. Nf3 Nf6 4. Nc3 Be7 5. Bf4 O-O 6. e3 b6 7. Bd3 c5 8. O-O
Bb7 9. Qe2 Nbd7 10. cxd5 exd5 11. dxc5 bxc5 12. e4 d4 13. Nb5 a6 14. Na3 Nh5
15. Bd2 Bd6 16. Nc4 Nf4 17. Bxf4 Bxf4 18. Nfd2 Re8 19. Rae1 Qc7 20. g3 Bxd2 21.
Qxd2 a5 22. Qc2 Re7 23. f3 a4 24. Rc1 Bc6 25. Qd2 h6 26. Rf2 Re6 27. Qf4 Qa7
28. Qd2 Rd8 29. Rc2 Bb5 30. f4 Nb6 31. Ne5 c4 32. Nxc4 Nxc4 33. Bxc4 Bxc4 34.
Rxc4 Rxe4 35. f5 Rde8 36. Qd3 Qd7 37. Kg2 h5 38. Kh3 R8e5 39. Kg2 h4 40. a3 Re8
41. Rb4 Re3 42. Qxd4 Qc6+ 43. Kh3 hxg3 44. hxg3 Qh1+ 45. Rh2 Qf1+ 46. Rg2 Re2
47. Qg1 Qxf5+ 48. Kh2 g5 49. Qd4 Rxg2+ 50. Kxg2 Re2+ 51. Kg1 0-1

[Event "43rd World Open"]
[Site "Arlington, VA"]
[Date "2015.07.04"]
[Round "6"]
[White "Stripunsky, Alexander"]
[Black "Shetty, Atulya"]
[Result "1-0"]
[WhiteElo "2561"]
[BlackElo "2368"]
[PlyCount "87"]
[EventDate "2015.07.??"]
[EventType "swiss"]
[EventRounds "9"]
[EventCountry "USA"]

1. c4 e5 2. Nc3 Nc6 3. e3 Nf6 4. Qb3 g6 5. d3 Bg7 6. g3 b6 7. Bg2 Bb7 8. Nf3
O-O 9. O-O Qe7 10. e4 d6 11. Bg5 Qd7 12. Nd5 Ne8 13. Qa4 a6 14. Rad1 h6 15. Be3
b5 16. Qc2 Nd4 17. Nxd4 exd4 18. Bd2 Kh7 19. Rc1 Nf6 20. Nxf6+ Bxf6 21. c5 dxc5
22. Qxc5 Rfc8 23. Rfe1 Be7 24. Bh3 Bxc5 25. Bxd7 Rd8 26. Bxb5 axb5 27. Rxc5 c6
28. a3 Kg7 29. g4 Re8 30. f3 Re6 31. Kg2 Ba6 32. Bb4 Bc8 33. Kf2 Bd7 34. Rc2
Be8 35. Bc5 Rd8 36. b3 f5 37. a4 fxg4 38. fxg4 bxa4 39. bxa4 Rf6+ 40. Kg3 Rf7
41. a5 h5 42. a6 hxg4 43. Rf2 Rfd7 44. Ra1 1-0

[Event "43rd World Open"]
[Site "Arlington, VA"]
[Date "2015.07.04"]
[Round "6"]
[White "Wang, Qibiao"]
[Black "Panchanathan, Magesh"]
[Result "1/2-1/2"]
[WhiteElo "2326"]
[BlackElo "2541"]
[PlyCount "127"]
[EventDate "2015.07.??"]
[EventType "swiss"]
[EventRounds "9"]
[EventCountry "USA"]

1. d4 Nf6 2. c4 e6 3. Nf3 b6 4. g3 Bb7 5. Bg2 g6 6. Nc3 Ne4 7. O-O Bg7 8. Nxe4
Bxe4 9. Ne1 Bxg2 10. Nxg2 d5 11. Be3 O-O 12. Rc1 Nc6 13. cxd5 Qxd5 14. Nf4 Qe4
15. d5 Ne7 16. dxe6 c5 17. Qd3 Qxd3 18. exf7+ Rxf7 19. Nxd3 Nf5 20. Bf4 Re8 21.
Rfe1 h6 22. Kf1 Rfe7 23. g4 Nd4 24. e3 Nf3 25. Red1 Rd7 26. b3 a5 27. a4 Bf6
28. Bg3 Red8 29. Ke2 Ng1+ 30. Rxg1 Rxd3 31. Bc7 Rd2+ 32. Ke1 R8d7 33. Bxb6 Bb2
34. Rb1 Bc3 35. Kf1 Bb4 36. Rc1 Rb7 37. Bxa5 Bxa5 38. Rxc5 Bb4 39. Rc6 Rf7 40.
f4 Kh7 41. Rg2 Rd3 42. Re2 Re7 43. Rc4 Rxb3 44. e4 Ba5 45. e5 Bc7 46. Rce4 Rc3
47. Kg2 Rc5 48. h4 Kg7 49. Kf3 Kf7 50. R2e3 Ke6 51. Rb3 Rf7 52. Rb5 Rc3+ 53.
Re3 Rc1 54. Re4 Rd7 55. a5 Rf1+ 56. Ke2 Rc1 57. Kf3 Rd3+ 58. Re3 Rd4 59. f5+
gxf5 60. gxf5+ Ke7 61. f6+ Ke6 62. a6 Ra4 63. Re4 Rxa6 64. Kg4 1/2-1/2

[Event "43rd World Open"]
[Site "Arlington, VA"]
[Date "2015.07.04"]
[Round "6"]
[White "Georgiadis, Nico"]
[Black "Gulamali, Kazim"]
[Result "1-0"]
[WhiteElo "2482"]
[BlackElo "2350"]
[PlyCount "47"]
[EventDate "2015.07.??"]
[EventType "swiss"]
[EventRounds "9"]
[EventCountry "USA"]

1. d4 Nf6 2. c4 e6 3. g3 d5 4. Nf3 Be7 5. Bg2 O-O 6. Qc2 dxc4 7. Qxc4 a6 8. Bg5
b5 9. Qc2 Bb7 10. Bxf6 Bxf6 11. O-O Nc6 12. e3 Nb4 13. Qd2 c5 14. Rc1 cxd4 15.
Qxb4 dxe3 16. fxe3 a5 17. Qb3 a4 18. Qb4 Qd3 19. Kf2 Rfd8 20. Na3 Rab8 21. Rc2
Qe4 22. Qxb5 Rd3 23. Re2 Rxa3 24. Ne1 1-0

[Event "43rd World Open"]
[Site "Arlington, VA"]
[Date "2015.07.04"]
[Round "6"]
[White "Chua, Alexander"]
[Black "Holt, Conrad"]
[Result "1/2-1/2"]
[WhiteElo "2271"]
[BlackElo "2546"]
[PlyCount "94"]
[EventDate "2015.07.??"]
[EventType "swiss"]
[EventRounds "9"]
[EventCountry "USA"]

1. d4 d5 2. c4 c6 3. Nf3 Nf6 4. e3 e6 5. b3 c5 6. cxd5 Nxd5 7. Bb5+ Bd7 8.
Bxd7+ Nxd7 9. O-O cxd4 10. Nxd4 Bb4 11. a3 Be7 12. Bb2 O-O 13. Nc3 Nxc3 14.
Bxc3 Rc8 15. Bb2 Bf6 16. Rc1 Nc5 17. b4 Ne4 18. Rxc8 Qxc8 19. Qd3 Nd6 20. Rc1
Qd7 21. Rc2 Rd8 22. h3 Qa4 23. Qb3 Qd7 24. Nf3 Bxb2 25. Qxb2 Ne4 26. Qd4 Qxd4
27. Nxd4 e5 28. Nb3 Rd1+ 29. Kh2 h5 30. f3 Nd6 31. e4 Kf8 32. Kg3 Nxe4+ 33.
fxe4 Rd3+ 34. Kh4 Rxb3 35. Kxh5 Rxa3 36. Kg5 Rb3 37. Rc8+ Ke7 38. Rc7+ Ke6 39.
Rxb7 Rg3+ 40. Kh5 g6+ 41. Kh6 f5 42. Rxa7 Rxg2 43. Ra6+ Kd7 44. Ra7+ Kd6 45.
Ra6+ Kd7 46. Ra7+ Kc6 47. Ra5 Kd6 1/2-1/2

[Event "43rd World Open"]
[Site "Arlington, VA"]
[Date "2015.07.04"]
[Round "6"]
[White "Troff, Kayden"]
[Black "Krishnan, Varun"]
[Result "1/2-1/2"]
[WhiteElo "2545"]
[BlackElo "2315"]
[PlyCount "96"]
[EventDate "2015.07.??"]
[EventType "swiss"]
[EventRounds "9"]
[EventCountry "USA"]

1. d4 d5 2. c4 e6 3. Nf3 Nf6 4. Nc3 c6 5. Qd3 dxc4 6. Qxc4 b5 7. Qd3 a6 8. Bg5
c5 9. Bxf6 gxf6 10. d5 b4 11. Na4 Ra7 12. Rc1 Rd7 13. Qb3 Rxd5 14. e4 Rd6 15.
Rxc5 Rc6 16. Rxc6 Nxc6 17. Be2 Bb7 18. O-O Bd6 19. Rd1 Qc7 20. Qe3 Ne5 21. Nxe5
Bxe5 22. Nc5 Bxh2+ 23. Kh1 Bf4 24. Qd4 Bc8 25. Nd3 O-O 26. Qxf6 Bd6 27. e5 Be7
28. Qh6 f5 29. Nf4 Qxe5 30. Rd3 Bf6 31. Rg3+ Bg7 32. Bc4 Re8 33. Qh5 Rf8 34.
Qg5 Qf6 35. Bxe6+ Kh8 36. Bxc8 Rxc8 37. Qh5 Qh6 38. Qxh6 Bxh6 39. Nd3 a5 40.
Rf3 f4 41. Nxf4 Bxf4 42. Rxf4 Rc2 43. a4 Rxb2 44. Rf5 b3 45. Kh2 Ra2 46. Rxa5
Rxf2 47. Rb5 Ra2 48. Rxb3 Rxa4 1/2-1/2

[Event "43rd World Open"]
[Site "Arlington, VA"]
[Date "2015.07.04"]
[Round "6"]
[White "Shabalov, Alexander"]
[Black "Yeager, Daniel"]
[Result "1-0"]
[WhiteElo "2538"]
[BlackElo "2306"]
[PlyCount "79"]
[EventDate "2015.07.??"]
[EventType "swiss"]
[EventRounds "9"]
[EventCountry "USA"]

1. f4 g6 2. Nf3 Bg7 3. g3 c5 4. Bg2 Nc6 5. O-O d5 6. d3 Nf6 7. Qe1 d4 8. Na3
O-O 9. c3 Nd5 10. Bd2 b6 11. Nc2 Bb7 12. c4 Nf6 13. a3 Qc7 14. b4 e6 15. h3 Nd7
16. g4 f5 17. Qh4 Qd8 18. Qg3 Qc7 19. Rae1 Qd6 20. Ng5 Rae8 21. e4 dxe3 22.
Rxe3 Nd8 23. Bxb7 Nxb7 24. Rfe1 Nd8 25. bxc5 bxc5 26. Ba5 Nb6 27. gxf5 Rxf5 28.
Rf3 Nc6 29. Bd2 Nd4 30. Nxd4 Qxd4+ 31. Rf2 e5 32. Kg2 Qd7 33. Rfe2 Rd8 34. fxe5
Qxd3 35. Qxd3 Rxd3 36. e6 Bf6 37. Nf7 Kf8 38. Nh6 Re5 39. Ng4 Rxd2 40. Nxe5 1-0

[Event "43rd World Open"]
[Site "Arlington, VA"]
[Date "2015.07.04"]
[Round "6"]
[White "Li, Ethan"]
[Black "Rohan, Ahuja"]
[Result "1-0"]
[WhiteElo "2230"]
[BlackElo "2322"]
[PlyCount "71"]
[EventDate "2015.07.??"]
[EventType "swiss"]
[EventRounds "9"]
[EventCountry "USA"]

1. d4 Nf6 2. c4 g6 3. Nc3 Bg7 4. e4 d6 5. Nf3 O-O 6. h3 e5 7. d5 Nh5 8. g3 Na6
9. a3 f5 10. exf5 gxf5 11. Ng5 Nf6 12. g4 fxg4 13. hxg4 Qe7 14. Ne6 Bxe6 15.
dxe6 Qxe6 16. g5 Nd7 17. Bh3 Qf7 18. Qd5 Ndc5 19. Bf5 Qxd5 20. Nxd5 e4 21.
Bxh7+ Kf7 22. Be3 c6 23. Nf4 Bxb2 24. Rd1 Be5 25. Ke2 Na4 26. Rdg1 Nb2 27. g6+
Ke7 28. g7 Bxf4 29. gxf8=Q+ Rxf8 30. Rg7+ Kd8 31. Rxb7 Bxe3 32. fxe3 Nxc4 33.
Rxa7 Nc7 34. Bxe4 Re8 35. Bxc6 Rxe3+ 36. Kf2 1-0

[Event "43rd World Open"]
[Site "Arlington, VA"]
[Date "2015.07.04"]
[Round "6"]
[White "Arjun, Vishnuvardhan"]
[Black "Korley, Kassa"]
[Result "0-1"]
[WhiteElo "2221"]
[BlackElo "2430"]
[PlyCount "114"]
[EventDate "2015.07.??"]
[EventType "swiss"]
[EventRounds "9"]
[EventCountry "USA"]

1. e4 d5 2. exd5 Qxd5 3. d4 e5 4. dxe5 Qxd1+ 5. Kxd1 Nc6 6. f4 Bf5 7. Nf3
O-O-O+ 8. Bd2 Bc5 9. Kc1 f6 10. Bb5 Be4 11. Re1 Bxf3 12. gxf3 Nd4 13. Be2 Nh6
14. Nc3 fxe5 15. fxe5 Nxe2+ 16. Rxe2 Nf5 17. Ne4 Nd4 18. Rg2 Bb6 19. c4 Nxf3
20. c5 Nxd2 21. Rxd2 Ba5 22. Rxd8+ Kxd8 23. a3 Be1 24. Kc2 Bh4 25. Rd1+ Ke7 26.
Rg1 Rg8 27. Rg4 g5 28. Nf6 Rh8 29. Rd4 Ke6 30. Rd7 Kxe5 31. Nxh7 Rc8 32. Kd3
Kf5 33. Rg7 g4 34. b4 a6 35. Kc4 b6 36. c6 b5+ 37. Kd5 Rd8+ 38. Rd7 Be7 39.
Rxd8 Bxd8 40. Nf8 Be7 41. Nd7 Bd6 42. Kd4 Bxh2 43. Ke3 Bg1+ 44. Ke2 Ba7 45. Kf1
Ke6 46. Kg2 Kd6 47. Nf6 Kxc6 48. Nxg4 Bd4 49. Kf3 Kd5 50. Ke2 Kc4 51. Kd2 Kb3
52. Kd3 Bg7 53. Ne3 Kxa3 54. Nd5 Be5 55. Ne7 Bd6 56. Nd5 Kb3 57. Kd4 c6 0-1

[Event "43rd World Open"]
[Site "Arlington, VA"]
[Date "2015.07.04"]
[Round "6"]
[White "Kumar, Aravind"]
[Black "Ippolito, Dean"]
[Result "1-0"]
[WhiteElo "2178"]
[BlackElo "2395"]
[PlyCount "111"]
[EventDate "2015.07.??"]
[EventType "swiss"]
[EventRounds "9"]
[EventCountry "USA"]

1. d4 e6 2. c4 Nf6 3. Nc3 Bb4 4. f3 d5 5. a3 Bxc3+ 6. bxc3 c5 7. cxd5 Nxd5 8.
dxc5 Qa5 9. e4 Ne7 10. Be3 O-O 11. Qb3 Qc7 12. Bb5 Nec6 13. Ne2 e5 14. O-O Be6
15. Qc2 Na5 16. Rab1 a6 17. Ba4 Nc4 18. Qc1 Rd8 19. Nd4 exd4 20. cxd4 Qa5 21.
Rb4 Nxe3 22. Qxe3 Nc6 23. Bxc6 bxc6 24. Rfb1 Ra7 25. Rb6 Rad7 26. R1b4 h6 27.
Kf2 Rc8 28. g4 Kh7 29. h3 f6 30. Kg3 Bf7 31. h4 Kg8 32. Kf2 Kh7 33. Ke2 Kg8 34.
Qd3 Kf8 35. Qc2 Qxa3 36. Ra4 Bb3 37. Qxb3 Qc1 38. Qd1 Qf4 39. Rbxa6 Rb7 40. Rb6
Re7 41. Qg1 Rce8 42. Ra3 h5 43. gxh5 Qxh4 44. Rxc6 Qxh5 45. Kf2 Qh6 46. Re3 Ra7
47. Re2 Rea8 48. Qg3 Qh1 49. Qd6+ Kg8 50. Qe6+ Kh7 51. Kg3 Qg1+ 52. Rg2 Qe1+
53. Kh2 Rh8 54. Qh3+ Kg8 55. Rc8+ Kf7 56. Qxh8 1-0

[Event "43rd World Open"]
[Site "Arlington, VA"]
[Date "2015.07.04"]
[Round "6"]
[White "Tarhon, Brian"]
[Black "Cao, Jason"]
[Result "0-1"]
[WhiteElo "2209"]
[BlackElo "2332"]
[PlyCount "94"]
[EventDate "2015.07.??"]
[EventType "swiss"]
[EventRounds "9"]
[EventCountry "USA"]

1. e4 c5 2. Nf3 d6 3. d4 cxd4 4. Nxd4 Nf6 5. Nc3 a6 6. Bg5 Nbd7 7. f3 e6 8. Qd2
b5 9. a3 Bb7 10. h4 Be7 11. O-O-O O-O 12. g4 Rc8 13. Be2 Nb6 14. Kb1 Nc4 15.
Bxc4 Rxc4 16. Be3 Qc7 17. h5 Rc8 18. g5 Nd7 19. g6 Rxc3 20. gxf7+ Kxf7 21. Qxc3
Qxc3 22. bxc3 Rxc3 23. Bc1 Nb6 24. Nb3 Rxf3 25. Rhf1 Rxf1 26. Rxf1+ Bf6 27. Bg5
Bxe4 28. Nd2 Bf5 29. Bxf6 gxf6 30. Rg1 e5 31. Nf3 h6 32. Kb2 d5 33. Kc3 d4+ 34.
Kb4 Bxc2 35. Ka5 Nc4+ 36. Kxa6 Nxa3 37. Ka5 Be4 38. Nh4 d3 39. Kb4 d2 40. Kxa3
Bc2 41. Nf5 d1=Q 42. Nxh6+ Ke6 43. Rxd1 Bxd1 44. Kb4 Bxh5 45. Kxb5 f5 46. Kc5
Bf7 47. Kc6 e4 0-1

[Event "43rd World Open"]
[Site "Arlington, VA"]
[Date "2015.07.04"]
[Round "7.1"]
[White "Kovalyov, Anton"]
[Black "Kamsky, Gata"]
[Result "1/2-1/2"]
[WhiteElo "2613"]
[BlackElo "2672"]
[PlyCount "108"]
[EventDate "2015.07.??"]
[EventType "swiss"]
[EventRounds "9"]
[EventCountry "USA"]
[WhiteClock "1:08:36"]
[BlackClock "0:02:46"]

1. Nf3 Nf6 2. c4 c6 3. d4 d5 4. e3 Bg4 5. Qb3 Qb6 6. Nc3 e6 7. Nh4 Bh5 8. h3
Bg6 9. Nxg6 hxg6 10. Qc2 Nbd7 11. Bd2 Be7 12. Be2 a5 13. a3 Qa7 14. b3 g5 15.
cxd5 Nxd5 16. g3 N5f6 17. Kf1 Rc8 18. Kg2 c5 19. Nb5 Qb6 20. a4 O-O 21. Rac1
Nd5 22. Bf3 Nc7 23. Na3 cxd4 24. Nc4 Qa7 25. exd4 b6 26. Rhe1 Rfe8 27. Qd3 Na6
28. d5 Nac5 29. Qc2 exd5 30. Bxd5 Nf6 31. Bf3 Ne6 32. Bc3 Bb4 33. Bxb4 axb4 34.
Red1 Red8 35. Qf5 Rxd1 36. Rxd1 Rc5 37. Qd3 b5 38. axb5 Rxb5 39. Ne3 Rb8 40.
Nd5 Nxd5 41. Bxd5 Rd8 42. Qf3 Qd7 43. Rd3 Qe7 44. Qe4 Qd6 45. Bc4 Nd4 46. Re3
Qc6 47. Re1 Kf8 48. Qxc6 Nxc6 49. Ra1 Ne5 50. Bf1 Rd4 51. Ra7 g6 52. Ra5 f6 53.
Ra7 Rd2 54. Rb7 g4 1/2-1/2

[Event "43rd World Open"]
[Site "Arlington, VA"]
[Date "2015.07.04"]
[Round "7.2"]
[White "Smirin, Ilya"]
[Black "Zhou, Jianchao"]
[Result "1/2-1/2"]
[WhiteElo "2663"]
[BlackElo "2601"]
[PlyCount "54"]
[EventDate "2015.07.??"]
[EventType "swiss"]
[EventRounds "9"]
[EventCountry "USA"]
[WhiteClock "0:43:11"]
[BlackClock "0:21:16"]

1. e4 c5 2. Nf3 d6 3. d4 cxd4 4. Nxd4 Nf6 5. Nc3 a6 6. f4 e5 7. Nf3 Nbd7 8. a4
Qc7 9. Bd3 Be7 10. O-O O-O 11. Qe2 Nc5 12. Bc4 Bd7 13. fxe5 dxe5 14. Bg5 Nxa4
15. Nxa4 b5 16. Bxf6 Bxf6 17. Bd5 bxa4 18. Bxa8 Rxa8 19. Rfd1 Bb5 20. Qd2 Rd8
21. Qf2 Rc8 22. Rd2 Qb7 23. Qe3 h6 24. c3 Rc4 25. Re2 Rc8 26. Rd2 Rc4 27. Re2
Rc8 1/2-1/2

[Event "43rd World Open"]
[Site "Arlington, VA"]
[Date "2015.07.04"]
[Round "7.3"]
[White "Ghaem Maghami, Ehsan"]
[Black "Mamedov, Rauf"]
[Result "1/2-1/2"]
[WhiteElo "2570"]
[BlackElo "2639"]
[PlyCount "26"]
[EventDate "2015.07.??"]
[EventType "swiss"]
[EventRounds "9"]
[EventCountry "USA"]
[WhiteClock "1:31:40"]
[BlackClock "1:46:11"]

1. d4 Nf6 2. c4 g6 3. Nc3 Bg7 4. e4 d6 5. Nf3 O-O 6. Be2 e5 7. O-O exd4 8. Nxd4
Re8 9. f3 Nc6 10. Be3 Nh5 11. f4 Nf6 12. Bf3 Ng4 13. Bxg4 Bxg4 1/2-1/2

[Event "43rd World Open"]
[Site "Arlington, VA"]
[Date "2015.07.04"]
[Round "7.4"]
[White "Akobian, Varuzhan"]
[Black "Ramirez, Alejandro"]
[Result "1/2-1/2"]
[WhiteElo "2632"]
[BlackElo "2587"]
[PlyCount "35"]
[EventDate "2015.07.??"]
[EventType "swiss"]
[EventRounds "9"]
[EventCountry "USA"]
[WhiteClock "0:26:49"]
[BlackClock "1:32:10"]

1. d4 Nf6 2. Nf3 g6 3. c4 c5 4. d5 b5 5. Qc2 b4 6. e4 d6 7. Bd3 Bg7 8. h3 O-O
9. Bg5 a5 10. Nbd2 e5 11. g4 a4 12. Ke2 h6 13. Bh4 g5 14. Bg3 Re8 15. Nf1 Nbd7
16. Ne3 Nf8 17. Qd2 Ng6 18. Rag1 1/2-1/2

[Event "43rd World Open"]
[Site "Arlington, VA"]
[Date "2015.07.04"]
[Round "7"]
[White "Azarov, Sergei"]
[Black "Georgiadis, Nico"]
[Result "1-0"]
[WhiteElo "2618"]
[BlackElo "2482"]
[PlyCount "81"]
[EventDate "2015.07.??"]
[EventType "swiss"]
[EventRounds "9"]
[EventCountry "USA"]

1. e4 c5 2. Nf3 d6 3. d4 cxd4 4. Nxd4 Nf6 5. Nc3 g6 6. Be3 Bg7 7. f3 Nc6 8. Qd2
O-O 9. O-O-O d5 10. exd5 Nxd5 11. Nxc6 bxc6 12. Bd4 e5 13. Bc5 Be6 14. Ne4 Re8
15. h4 h6 16. g4 Qc7 17. h5 g5 18. Bc4 Red8 19. Qf2 a5 20. a4 Kh8 21. Rd2 f5
22. gxf5 Bxf5 23. Rhd1 Rab8 24. b3 Be6 25. Ba3 Bg8 26. Bb2 Qf7 27. Kb1 Qf4 28.
Rd3 Rf8 29. Qc5 g4 30. Rg1 gxf3 31. Rxg7 Kxg7 32. Rxf3 Qxe4 33. Bxd5 Qe1+ 34.
Ka2 Bxd5 35. Qe7+ Kg8 36. Bxe5 Qg1 37. Rg3+ Qxg3 38. Bxg3 Rbe8 39. Qd7 Be4 40.
Bd6 Bf5 41. Qxc6 1-0

[Event "43rd World Open"]
[Site "Arlington, VA"]
[Date "2015.07.04"]
[Round "7"]
[White "McShane, Luke"]
[Black "Esserman, Marc"]
[Result "1-0"]
[WhiteElo "2685"]
[BlackElo "2406"]
[PlyCount "65"]
[EventDate "2015.07.??"]
[EventType "swiss"]
[EventRounds "9"]
[EventCountry "USA"]

1. e4 c5 2. Nf3 d6 3. d4 cxd4 4. Nxd4 Nf6 5. Nc3 a6 6. Be2 e5 7. Nb3 Be7 8. O-O
O-O 9. a4 Be6 10. Bf3 b6 11. Re1 Qc7 12. Bg5 Nbd7 13. Nd2 h6 14. Be3 Qb7 15.
Qe2 Rfc8 16. Red1 Bf8 17. h3 Rc6 18. Qf1 Qc8 19. Ndb1 Bc4 20. Be2 b5 21. axb5
axb5 22. Rxa8 Qxa8 23. Bxc4 bxc4 24. Nd2 Qb7 25. Rb1 Qb4 26. Qc1 Rc8 27. Ra1
Rb8 28. Ra2 Qb7 29. Qf1 Rc8 30. Nxc4 Nxe4 31. Ra7 Qb4 32. Nxe4 Rxc4 33. c3 1-0

[Event "43rd World Open"]
[Site "Arlington, VA"]
[Date "2015.07.04"]
[Round "7"]
[White "Mekhitarian, Krikor"]
[Black "Tang, Andrew"]
[Result "1/2-1/2"]
[WhiteElo "2589"]
[BlackElo "2365"]
[PlyCount "211"]
[EventDate "2015.07.??"]
[EventType "swiss"]
[EventRounds "9"]
[EventCountry "USA"]

1. d4 d5 2. c4 e6 3. Nf3 Nf6 4. g3 Be7 5. Bg2 O-O 6. O-O dxc4 7. Qc2 a6 8. a4
Bd7 9. Rd1 Bc6 10. Nc3 Bxf3 11. Bxf3 Nc6 12. Bxc6 bxc6 13. a5 Qb8 14. Qa4 Qb3
15. Qxc6 Bb4 16. Bd2 Bxc3 17. bxc3 Nd5 18. Rab1 Qa3 19. Qxc4 Qxa5 20. e4 Nf6
21. f3 Rfc8 22. Qb3 Qh5 23. c4 c6 24. Kg2 h6 25. Be3 a5 26. Qa4 e5 27. d5 Nxe4
28. fxe4 Qe2+ 29. Bf2 Qxe4+ 30. Kg1 cxd5 31. Re1 Qxc4 32. Qxc4 dxc4 33. Rxe5 c3
34. Rc1 a4 35. Re2 a3 36. Ra2 c2 37. Be3 h5 38. Kf2 Ra4 39. Rca1 h4 40. Bc1
hxg3+ 41. hxg3 f6 42. Rxa3 Rxa3 43. Rxa3 Kf7 44. Ke2 Kg6 45. Kd2 Rc4 46. Kd3
Rc5 47. Ra4 Rc7 48. Kd2 Rc8 49. Bb2 Rc5 50. Kc1 Rg5 51. Ra3 Rc5 52. Bc3 Rg5 53.
Bd2 Rc5 54. Rd3 Rc7 55. Bc3 Rc5 56. Kxc2 Rc7 57. Kd2 Re7 58. Re3 Rd7+ 59. Ke2
Rc7 60. Kf3 Rc6 61. Rd3 Rc7 62. Bb2 Rb7 63. Ba3 Ra7 64. Rc3 Ra6 65. Be7 Ra7 66.
Bd6 Ra6 67. Bf4 Ra7 68. Kg4 Ra4 69. Rc7 Rb4 70. Kh3 Rd4 71. Be3 Re4 72. Bf4 Rd4
73. Rb7 Rd5 74. Be3 Re5 75. Bd2 Rh5+ 76. Kg4 Rd5 77. Bb4 Rd4+ 78. Kh3 Rd8 79.
Rc7 Rh8+ 80. Kg4 Rd8 81. Bc5 Re8 82. Kf4 Ra8 83. Rb7 Ra4+ 84. Bb4 Ra8 85. Ke4
Re8+ 86. Kd4 Rd8+ 87. Ke4 Rc8 88. Bd6 Re8+ 89. Kd5 Rd8 90. Ke6 Re8+ 91. Re7 Ra8
92. Kd7 Ra7+ 93. Bc7 Ra8 94. Re8 Ra7 95. Rc8 Kf7 96. Rb8 Ra4 97. Rb7 Ra8 98.
Bb8 Ra4 99. Kd8+ Kg8 100. Bd6 Rd4 101. Ke7 Re4+ 102. Kd7 Kf7 103. Rb8 Ra4 104.
Rf8+ Kg6 105. Re8 Ra7+ 106. Bc7 1/2-1/2

[Event "43rd World Open"]
[Site "Arlington, VA"]
[Date "2015.07.04"]
[Round "7"]
[White "Panchanathan, Magesh"]
[Black "Homa, Seth"]
[Result "1-0"]
[WhiteElo "2541"]
[BlackElo "2365"]
[PlyCount "133"]
[EventDate "2015.07.??"]
[EventType "swiss"]
[EventRounds "9"]
[EventCountry "USA"]

1. e4 c5 2. Nf3 e6 3. d4 cxd4 4. Nxd4 Nc6 5. Nc3 Qc7 6. Be2 a6 7. Be3 Nf6 8.
O-O Bb4 9. Na4 Be7 10. Nxc6 bxc6 11. Nb6 Rb8 12. Nxc8 Qxc8 13. Bd4 c5 14. Be5
Rb6 15. b3 Nxe4 16. Bxg7 Rg8 17. Bb2 Bf6 18. Bxf6 Nxf6 19. Bf3 Ke7 20. Re1 Qc7
21. Qc1 Rb4 22. g3 h5 23. c3 Rbb8 24. Qe3 h4 25. Rad1 Rg6 26. Kf1 a5 27. Rd2 c4
28. Rb1 Rb5 29. Rd4 Re5 30. Qf4 cxb3 31. axb3 hxg3 32. hxg3 Rgg5 33. Rd3 Qb8
34. Kg2 Qb5 35. c4 Qb4 36. Ra1 Qc5 37. Rad1 Qb4 38. Qd4 Qc5 39. Qc3 Rg8 40. Qd2
Reg5 41. Qf4 Rf5 42. Qh4 Rgg5 43. Qh8 a4 44. bxa4 Qxc4 45. Qa8 Ra5 46. Qb8 Qc5
47. Qb3 Qa7 48. Rd4 Rgf5 49. R1d3 Qc5 50. Rc4 Qa7 51. Qa3+ Rfc5 52. Rdc3 d6 53.
Rb4 Rxc3 54. Qxc3 d5 55. Rf4 Ne8 56. Bh5 Nd6 57. Qf6+ Kd7 58. Bxf7 Nxf7 59. Qg7
Qa8 60. Rxf7+ Kc6 61. Qe5 Rxa4 62. Qxe6+ Kb5 63. Rf5 Rd4 64. Rf6 Qb7 65. Qe8+
Kc5 66. Rf7 Qb6 67. Qc8+ 1-0

[Event "43rd World Open"]
[Site "Arlington, VA"]
[Date "2015.07.04"]
[Round "7"]
[White "Hilby, Craig"]
[Black "Shabalov, Alexander"]
[Result "1-0"]
[WhiteElo "2308"]
[BlackElo "2538"]
[PlyCount "57"]
[EventDate "2015.07.??"]
[EventType "swiss"]
[EventRounds "9"]
[EventCountry "USA"]

1. e4 c6 2. d4 d5 3. Nc3 dxe4 4. Nxe4 Bf5 5. Ng3 Bg6 6. h4 h6 7. Nf3 e6 8. Ne5
Bh7 9. Bd3 Bxd3 10. Qxd3 Nd7 11. f4 Bb4+ 12. Bd2 Bxd2+ 13. Qxd2 Ngf6 14. O-O-O
Qc7 15. Ne2 h5 16. f5 exf5 17. Qg5 g6 18. Nxd7 Nxd7 19. Nf4 Qd8 20. Rhe1+ Kf8
21. Qg3 Nf6 22. Nxg6+ fxg6 23. Qxg6 Rg8 24. Qxf5 Kg7 25. Re6 Re8 26. d5 Rxe6
27. Qg5+ Kh7 28. dxe6 Qh8 29. Rf1 1-0

[Event "43rd World Open"]
[Site "Arlington, VA"]
[Date "2015.07.04"]
[Round "7"]
[White "Acor, Corey"]
[Black "Debs, Felipe"]
[Result "1/2-1/2"]
[WhiteElo "2280"]
[BlackElo "2515"]
[PlyCount "75"]
[EventDate "2015.07.??"]
[EventType "swiss"]
[EventRounds "9"]
[EventCountry "USA"]

1. d4 d5 2. c4 c6 3. Nc3 Nf6 4. e3 Bf5 5. Nf3 e6 6. Be2 Nbd7 7. O-O Bd6 8. b3
Ne4 9. Bb2 Qf6 10. Nd2 Qh6 11. f4 Nxc3 12. Bxc3 g5 13. g3 gxf4 14. exf4 Rg8 15.
Bf3 Bxf4 16. Qe2 O-O-O 17. Bg2 Be3+ 18. Kh1 Rxg3 19. Rxf5 exf5 20. Nf1 f4 21.
Nxg3 fxg3 22. h3 Nf6 23. Rf1 Re8 24. Qf3 Bf2 25. Bd2 Qg6 26. h4 Kb8 27. Bf4+
Ka8 28. Be5 Ng4 29. cxd5 Nxe5 30. dxe5 Rxe5 31. Qf4 Rxd5 32. Bxd5 cxd5 33. Kg2
a6 34. Rd1 Qe6 35. Qf3 d4 36. Rc1 Qd7 37. Rc5 Ka7 38. Rf5 1/2-1/2

[Event "43rd World Open"]
[Site "Arlington, VA"]
[Date "2015.07.04"]
[Round "7"]
[White "Subramanian, Arun"]
[Black "Wang, Qibiao"]
[Result "1-0"]
[WhiteElo "2496"]
[BlackElo "2326"]
[PlyCount "92"]
[EventDate "2015.07.??"]
[EventType "swiss"]
[EventRounds "9"]
[EventCountry "USA"]

1. d4 d5 2. c4 e6 3. Nc3 Be7 4. cxd5 exd5 5. Bf4 c6 6. e3 Bf5 7. g4 Bg6 8. h4
h6 9. h5 Bh7 10. Bd3 Bxd3 11. Qxd3 Nf6 12. f3 Na6 13. Nge2 Qd7 14. Ng3 Bd6 15.
Nf5 Bxf4 16. exf4 O-O-O 17. O-O-O Nb4 18. Qd2 Nxh5 19. Na4 Na6 20. Rde1 Rde8
21. Nc5 Nxc5 22. dxc5 Kb8 23. Rxe8+ Rxe8 24. Nd6 Ng3 25. Nxe8 Nxh1 26. Qe1 Qe6
27. Qxe6 fxe6 28. Nxg7 Kc8 29. Nxe6 Kd7 30. f5 Ng3 31. Kd2 Ke7 32. Ke3 h5 33.
Kf2 h4 34. Nf4 Kf6 35. Ng2 Nh1+ 36. Kg1 Ng3 37. Nxh4 Ne2+ 38. Kf2 Nc1 39. Ke3
Nxa2 40. f4 Nc1 41. g5+ Kf7 42. Nf3 Nb3 43. Ne5+ Kg8 44. f6 Nxc5 45. g6 a5 46.
f5 a4 1-0